'Beverly Hillbillies' Theme Song Lyrics Quiz Stats

 Plays Quiz Updated Apr 4, 2012

Challenge
Share
Tweet
Embed
Score 0/144 Timer 08:00
9 Plays Today
% Correct
a
96.7%
a
96.6%
a
96.6%
a
96.6%
a
96.6%
a
96.6%
a
96.6%
the
94.4%
the
94.4%
the
94.4%
the
94.4%
be.'
92.8%
is,
91.5%
is
91.5%
is,
91.5%
is.
91.5%
Beverly,
90.9%
to
90.7%
to
90.7%
to
90.7%
to
90.7%
to
90.7%
to
90.7%
to
90.7%
to
90.7%
Jed,
90.6%
'Jed
90.6%
Jed
90.6%
and
89.3%
and
89.3%
and
89.3%
and
89.3%
And
89.3%
And
89.2%
that
88.9%
that
88.9%
that
88.9%
Oil
88.7%
man
88.1%
Hills
88.1%
he
87.9%
named
86.5%
up
85.8%
up
85.8%
story
85.4%
gold,
84.9%
family
84.9%
about
84.5%
% Correct
So
84.3%
move
83.6%
you
83.4%
you
83.4%
you
83.4%
black
83.3%
from
83.1%
Texas
82.7%
his
82.5%
his
82.5%
was
79.9%
bubblin’
79.9%
one
79.8%
day
79.2%
tea.
78.8%
ground
78.8%
came
78.2%
then
77.5%
crude.
77.1%
fed.
76.9%
some
76.7%
moved
76.5%
listen
76.5%
place
76.4%
shootin’
75.8%
poor
75.7%
they
75.6%
they
75.6%
away
75.5%
'Californy
75.5%
there.'
75.1%
at
75%
kept
74.1%
food,
73.4%
movie
72.2%
stars.
72.2%
said,
71.9%
Said,
71.9%
barely
71.8%
truck
71%
Come
69.9%
come
69.9%
millionaire.
69%
ol'
68.4%
mountaineer,
68.1%
know
67.5%
loaded
67.4%
next
66.9%
% Correct
kin.
66.9%
ought
66.9%
thing
66.5%
swimmin'
65.6%
pools,
65.5%
Well
64.6%
Well
64.6%
Jed's
64.2%
now
56.9%
now,
56.9%
Kinfolk
52.2%
all
47.2%
all
47.2%
in
46.2%
for
46.1%
through
45.8%
of
45.3%
back
44.3%
back
44.3%
folks
37.3%
Y'all
36.2%
this
35.2%
say
31.1%
their
29%
have
28.8%
it's
28.4%
time
28.3%
your
27.9%
thank
27.7%
like
27.3%
y'hear?
27.2%
kindly
26.3%
would
26.3%
goodbye
25.5%
droppin'
25.5%
hospitality.
25.4%
helpin'
23.7%
heapin'
23.6%
locality
21%
You're
20.2%
off.
20.1%
Set
19.2%
invited
18.9%
take
18.8%
spell,
18.5%
Hillybilly
18.2%
shoes
17%
again
16.8%

You're not logged in!

Compare scores with friends on all Sporcle quizzes.
Join for Free
OR
Log In

You Might Also Like...

Show Comments

Extras

Top Quizzes Today


Score Distribution

Your Account Isn't Verified!

In order to create a playlist on Sporcle, you need to verify the email address you used during registration. Go to your Sporcle Settings to finish the process.

Report this User

Report this user for behavior that violates our Community Guidelines.

Details: